Mughal poetry : (Record no. 56619)

MARC details
000 -LEADER
fixed length control field 00872nam a22002417a 4500
005 - DATE AND TIME OF LATEST TRANSACTION
control field 20110908145123.0
008 - FIXED-LENGTH DATA ELEMENTS--GENERAL INFORMATION
fixed length control field 110908t xxu||||| |||| 00| 0 eng d
010 ## - LCCN (DPL NO)
LC control number ENG-103793
020 ## - INTERNATIONAL STANDARD BOOK NUMBER
Terms of availability 450.00
International Standard Book Number 9788189833497
035 ## - SYSTEM CONTROL NUMBER
System control number EN-87326
037 ## - SOURCE OF ACQUISITION
Source of stock number/acquisition DBAD/PUB
040 ## - CATALOGING SOURCE
Original cataloging agency DPL
Language of cataloging Eng
082 ## - DEWEY DECIMAL CLASSIFICATION NUMBER
Classification number 891.551
100 1# - MAIN ENTRY--PERSONAL NAME
Personal name Hasan, Hadi
9 (RLIN) 34669
245 14 - TITLE STATEMENT
Title Mughal poetry :
Statement of responsibility, etc by Hadi Hasan
Remainder of title its cultural and historical value /
260 ## - PUBLICATION, DISTRIBUTION, ETC. (IMPRINT)
Place of publication, distribution, etc Delhi
Name of publisher, distributor, etc Aakar Books
Date of publication, distribution, etc 2008
270 ## - ADDRESS
Address 28E,Pocket-IV, Mayur Vihar,
City Delhi
Postal code 110091
Telephone number 011-22795505
Fax number 011-22795641
Electronic mail address aakarbooks@gmail.com
300 ## - PHYSICAL DESCRIPTION
Extent 80p.
Dimensions 28cm (Hb)
650 #0 - SUBJECT ADDED ENTRY--TOPICAL TERM
9 (RLIN) 34671
700 ## - ADDED ENTRY--PERSONAL NAME
9 (RLIN) 34736
942 ## - ADDED ENTRY ELEMENTS (KOHA)
Source of classification or shelving scheme Dewey Decimal Classification
Item type English Books
Call number suffix HAS
Classification part 891.551
Holdings
Withdrawn status Lost status Source of classification or shelving scheme Damaged status Not for loan Collection code Home library Current library Date acquired Source of acquisition Cost, normal purchase price Total Checkouts Full call number Barcode Date last seen Copy number Cost, replacement price Koha item type
    Dewey Decimal Classification     Non-fiction D.B.Act.Division D.B.Act.Division 14/09/2011 DBAD/PUB 450.00   891.551 HAS EN-87326 14/09/2011 1 450.00 English Books

© Delhi Public Library
Hit Counter
free hit counter